书目信息 |
| 题名: |
餐饮业店面设计指导手册
|
|
| 作者: | 崔龙 主编 | |
| 分册: | ||
| 出版信息: | 北京 经济管理出版社 2004.8 |
|
| 页数: | 120页 | |
| 开本: | 29cm | |
| 丛书名: | 现代企业管理系列丛书 | |
| 单 册: | ||
| 中图分类: | TU247.3-62 | |
| 科图分类: | ||
| 主题词: | 餐厅--can ting--室外装饰--设计--手册 , 餐厅--can ting , 室外装饰--shi wai zhuang shi | |
| 电子资源: | ||
| ISBN: | 7-80162-970-1 | |
| 000 | 01021oam2 2200265 450 | |
| 001 | 012004000000 | |
| 005 | 20061229164244.76 | |
| 010 | @a7-80162-970-1@dCNY22.00 | |
| 100 | @a20041211d2004 em y0chiy0121 ea | |
| 101 | 0 | @achi |
| 102 | @aCN@b110000 | |
| 105 | @aa z 000yy | |
| 200 | 1 | @a餐饮业店面设计指导手册@Acan yin ye dian mian she ji zhi dao shou ce@f崔龙主编 |
| 210 | @a北京@c经济管理出版社@d2004.8 | |
| 215 | @a120页@c图@d29cm | |
| 225 | 2 | @a现代企业管理系列丛书@Axian dai qi ye guan li xi lie cong shu |
| 330 | @a本书综合了笔者到目前为止的有关饮食业店铺的实际经验, 介绍了饮食业店铺的基本设计思路、设计进程的控制方法、业种分别的设计、监督、要点等, 涉及了所有有关店铺的问题, 并具体说明了有关解决方法和组合方法。 | |
| 410 | 0 | @12001 @a现代企业管理系列丛书 |
| 606 | 0 | @a餐厅@Acan ting@x室外装饰@x设计@j手册 |
| 606 | 0 | @a餐厅@Acan ting |
| 606 | 0 | @a室外装饰@Ashi wai zhuang shi |
| 690 | @aTU247.3-62@v4 | |
| 701 | 0 | @a崔龙@Acui long@4主编 |
| 801 | 0 | @aCN@c20061229 |
| 905 | @a10447@dTU247.3-62@eC969 | |
| 餐饮业店面设计指导手册/崔龙主编.-北京:经济管理出版社,2004.8 |
| 120页:图;29cm.-(现代企业管理系列丛书) |
| ISBN 7-80162-970-1:CNY22.00 |
| 本书综合了笔者到目前为止的有关饮食业店铺的实际经验, 介绍了饮食业店铺的基本设计思路、设计进程的控制方法、业种分别的设计、监督、要点等, 涉及了所有有关店铺的问题, 并具体说明了有关解决方法和组合方法。 |
| ● |
| 相关链接 |
|
|
|
正题名:餐饮业店面设计指导手册
索取号:TU247.3-62/C969
 
预约/预借
| 序号 | 登录号 | 条形码 | 馆藏地/架位号 | 状态 | 备注 |
| 1 | 638721 | 206387211 | 建筑库101/101建筑库 70排1列3层/ [索取号:TU247.3-62/C969] | 在馆 | |
| 2 | 638722 | 206387220 | 建筑库101/101建筑库 70排1列3层/ [索取号:TU247.3-62/C969] | 在馆 | |
| 3 | 638723 | 206387239 | 建筑库101/101建筑库 70排1列3层/ [索取号:TU247.3-62/C969] | 在馆 |